000 00949nam a2200253 i 4500
001 66526
003 ES-MaACL
005 20260201140949.0
007 t|
008 040227s2002 sp ||||1| spa d
020 _a84-500-6793-6
080 _a338.5:63(460)"18"
245 0 4 _aLos precios agrícolas durante la segunda mitad del siglo XIX /
_crecopilación, análisis y estudio preliminar por Nicolás Sánchez-Albornoz.
260 _aMadrid :
_bServicio de Estudios del Banco de España,
_c1975-
300 _av. :
_bgráf., gráf. pleg., mapas ;
_c24 cm.
500 _a"Materiales para la historia económica de España"
505 8 _aVol. I. Trigo y cebada
650 1 4 _aPrecios-
_zEspaña-
_yS.XIX.
_916339
650 1 4 _aAgricultura-
_zEspaña-
_yS.XIX
_99682
700 1 _aSánchez-Albornoz, Nicolás,
_d1926-
_9102442
710 2 _aBanco de España
_92104
852 _aES-MaACL
_jL-26999
_bR.132602
999 _c66526
_d66526